[Event "90th ch-St Petersburg"]
[Site "masterchessopen.com St Petersburg RUS"]
[Date "2017.03.22"]
[Round "5.3"]
[White "Usmanov,V"]
[Black "Alekseenko,K"]
[Result "0-1"]
[WhiteElo "2443"]
[BlackElo "2588"]

1.Nf3 d6 2.d4 g6 3.g3 Bg7 4.Bg2 f5 5.c3 Nf6 6.Qb3 e6 7.Ng5 d5 8.h4 O-O 9.Bf4
Re8 10.Nd2 Nbd7 11.c4 c6 12.O-O h6 13.Ngf3 Nh5 14.e3 b6 15.Rac1 Bb7 16.Ne5
Nxf4 17.exf4 Nxe5 18.dxe5 g5 19.hxg5 hxg5 20.fxg5 Bxe5 21.Nf3 Bg7 22.Rfe1 Rc8
23.cxd5 cxd5 24.Rxc8 Qxc8 25.Qb4 Qd8 26.Nd4 Qd7 27.Qb5 Qf7 28.Nxf5 Rf8 29.Nxg7
Qxf2+ 30.Kh2 Qxe1 31.Nh5 Qe5 32.Nf6+ Kg7 33.Qd7+ Rf7 34.Ne8+ Kg6 35.Qb5 Rh7+
36.Kg1 Qe3+ 37.Kf1 Rf7+ 38.Nf6 Kxg5 {#R} 0-1

[Event "90th ch-St Petersburg"]
[Site "masterchessopen.com St Petersburg RUS"]
[Date "2017.03.22"]
[Round "5.4"]
[White "Pershin,Denis"]
[Black "Fraiman,Dmitry"]
[Result "1-0"]
[WhiteElo "2306"]
[BlackElo "2255"]

1.d4 Nf6 2.Nc3 d5 3.Bf4 e6 4.e3 Bd6 5.Bd3 O-O 6.Nf3 c5 7.dxc5 Bxf4 8.exf4 Qc7
9.Ne5 Nfd7 10.Qe2 Nxc5 11.O-O Nc6 12.Nb5 Qb6 13.c3 Nxd3 14.Qxd3 Nxe5 15.fxe5
f6 16.Rae1 a6 17.Nd4 Qxb2 18.f4 fxe5 19.Rxe5 Qxa2 20.f5 exf5 21.Re7 f4 22.Rfe1
a5 23.Rc7 Ra6 24.Ree7 Qa1+ 25.Kf2 Qb2+ 26.Ne2 Qb6+ 27.Kf1 Qg6 28.Qxd5+ Kh8
29.Rf7 Re8 30.Qb5 Rae6 31.Rxg7 Qxg7 32.Rxg7 Kxg7 33.Qg5+ Rg6 34.Qxa5 Rf8
35.Qe5+ Kg8 36.Nxf4 Rgf6 37.g3 R8f7 38.Kg2 Rc6 39.Nd5 Be6 40.Nb4 Rb6 41.Qg5+
{#r} 1-0

[Event "90th ch-St Petersburg"]
[Site "masterchessopen.com St Petersburg RUS"]
[Date "2017.03.22"]
[Round "5.5"]
[White "Alekseev,Evgeny"]
[Black "Dilmukhametov,Artur"]
[Result "1-0"]
[WhiteElo "2618"]
[BlackElo "2298"]

1.d4 d5 2.Bf4 c5 3.e3 Nf6 4.c3 Nc6 5.Nd2 Qb6 6.Qb3 Bf5 7.dxc5 Qxb3 8.axb3 e5
9.Bg3 Bxc5 10.Ngf3 Nd7 11.b4 Bd6 12.Be2 O-O 13.O-O f6 14.e4 Bxe4 15.Nxe4 dxe4
16.Rfd1 exf3 17.Bxf3 Bxb4 18.Rxd7 Bc5 19.Rxb7 Rac8 20.Kf1 Bb6 21.Rd1 Na5
22.Re7 Rfd8 23.Rdd7 Rxd7 24.Rxd7 Kh8 25.Ke2 Nb3 26.Kd1 Nc5 27.Rd5 g6 28.Kc2
Kg7 29.Rd1 Kf7 30.Bd5+ Ke7 31.f4 e4 32.Bh4 e3 33.Re1 Ne6 34.Bxe6 Kxe6 35.Bf2
Kf5 36.Bxe3 Bxe3 37.Rxe3 Kxf4 38.Re7 h5 39.Rxa7 {#r} 1-0

[Event "179th YMCA Winter A 2017"]
[Site "masterchessopen.com Warsaw POL"]
[Date "2017.03.22"]
[Round "11"]
[White "Kosny,M"]
[Black "Pesko,Tomasz"]
[Result "1-0"]
[WhiteElo "1842"]
[BlackElo "1823"]

1.Nf3 g6 2.c4 Bg7 3.Nc3 d6 4.g3 c5 5.d4 cxd4 6.Nxd4 Nf6 7.Bg2 a6 8.O-O O-O
9.h3 Qc7 10.b3 Nc6 11.Nc2 Qa5 12.Bd2 Qc7 13.Rc1 e6 14.e4 b6 15.Ne3 Bb7 16.Ncd5
Qd8 17.Nf4 Rc8 18.Qe2 Qe7 19.Bc3 Rfd8 20.Qb2 Ne5 21.Qb1 Ned7 22.Rfd1 Nc5 23.f3
Nfd7 24.Bxg7 Kxg7 25.Qc2 a5 26.Ne2 Ne5 27.f4 Nc6 28.Nc3 Nb4 29.Qe2 Rd7 30.Rd2
Bc6 31.Rcd1 Rcd8 32.Nc2 Nxc2 33.Rxc2 e5 34.f5 g5 35.Qe3 f6 36.Rcd2 Rb8 37.Nd5
Qd8 38.Bf1 b5 39.cxb5 Bxb5 40.Bxb5 Rxb5 41.Qe2 Qb8 42.h4 Rbb7 43.hxg5 fxg5
44.Qg4 Qd8 45.f6+ Kh8 46.Ne7 Qf8 47.Rxd6 Rxd6 48.Rxd6 Rb4 49.Rc6 Rxe4 50.Rc8
{#r} 1-0

[Event "March Lviv Tradition IMA"]
[Site "masterchessopen.com Lviv UKR"]
[Date "2017.03.22"]
[Round "2.3"]
[White "Khamidov,K"]
[Black "Bykovskiy,Oleg"]
[Result "0-1"]
[WhiteElo "2135"]
[BlackElo "2332"]

1.Nf3 Nf6 2.g3 g6 3.Bg2 Bg7 4.d4 O-O 5.c4 d5 6.cxd5 Nxd5 7.e4 Nb6 8.h3 c5
9.dxc5 Qxd1+ 10.Kxd1 Na4 11.Kc2 Nc6 12.a3 f5 13.e5 Nxc5 14.Re1 Be6 15.Nbd2
Rac8 16.b4 Nd7 17.Kb1 Ncxe5 18.Nxe5 Nxe5 19.Bf1 Rfd8 20.Re3 f4 21.gxf4 Bf5+
22.Ka2 Rc2+ 23.Kb3 Nc6 {#R} 0-1

[Event "March Lviv Tradition IMA"]
[Site "masterchessopen.com Lviv UKR"]
[Date "2017.03.22"]
[Round "3.1"]
[White "Krzywda,A"]
[Black "Bogdanov,Egor"]
[Result "1-0"]
[WhiteElo "2132"]
[BlackElo "2348"]

1.e4 c5 2.Nf3 g6 3.d4 cxd4 4.Nxd4 Bg7 5.Nc3 Nc6 6.Be3 d6 7.Qd2 Nf6 8.f3 O-O
9.O-O-O d5 10.Kb1 Rb8 11.Ndb5 a6 12.Na7 e6 13.Qf2 Qd7 14.Bc5 Re8 15.Bb6 Ra8
16.Nxc8 Raxc8 17.Bc4 Ne5 18.Bb3 Nc4 19.Rhe1 Qc6 20.Bxc4 dxc4 21.Bd4 Red8
22.Qh4 Nd7 23.Bxg7 Kxg7 24.Qe7 b5 25.Rd6 Qb7 26.e5 b4 27.Ne4 b3 28.Ng5 bxa2+
29.Kxa2 Rf8 30.Rxd7 Qb5 31.Red1 Rb8 32.Qa3 Qxe5 33.f4 Qf5 34.Qc3+ Kh6 35.g3
Rb5 36.Kb1 Rb3 37.Qxc4 Rfb8 38.Nxf7+ Kh5 39.Qe2+ {#r} 1-0

[Event "March Lviv Tradition IMA"]
[Site "masterchessopen.com Lviv UKR"]
[Date "2017.03.22"]
[Round "3.2"]
[White "Sevostianov,P"]
[Black "Burnett,A"]
[Result "1-0"]
[WhiteElo "2248"]
[BlackElo "2162"]

1.d4 Nf6 2.c4 g6 3.Nc3 Bg7 4.e4 d6 5.Bd3 e5 6.d5 c5 7.Nge2 a6 8.O-O Nbd7 9.Bg5
h6 10.Be3 O-O 11.f3 Nh5 12.Qd2 Nf4 13.Nxf4 exf4 14.Bxf4 Ne5 15.Be2 h5 16.Bg5
Qe8 17.Bh6 f6 18.Bxg7 Kxg7 19.f4 Nf7 20.a3 Bd7 21.b4 b6 22.Rab1 Ra7 23.bxc5
bxc5 24.Rb6 Qe7 25.Bf3 Rh8 26.Qe2 Bc8 27.a4 Rh6 28.a5 h4 29.Bg4 Bxg4 30.Qxg4
f5 31.Qf3 Rh5 32.h3 fxe4 33.Nxe4 Rf5 34.Qc3+ Kh6 35.Qd3 Ra8 36.Rbb1 Rf8
37.Rbe1 Qd8 38.Qd2 Kh7 39.Rf3 Re8 40.Ree3 Rf8 41.Rb3 Qe7 42.Qe1 Kg7 43.Rbe3
Qd8 44.Qc3+ Kh7 45.Rf2 Ne5 46.fxe5 {#r} 1-0

[Event "March Lviv Tradition IMA"]
[Site "masterchessopen.com Lviv UKR"]
[Date "2017.03.22"]
[Round "3.3"]
[White "Bykovskiy,Oleg"]
[Black "Pugachov,I"]
[Result "1-0"]
[WhiteElo "2332"]
[BlackElo "2025"]

1.e4 e6 2.d4 d5 3.Nd2 dxe4 4.Nxe4 Nd7 5.Nf3 Ngf6 6.Bd3 Nxe4 7.Bxe4 Nf6 8.Bd3
c5 9.Be3 Qa5+ 10.c3 cxd4 11.Bxd4 Be7 12.O-O Qh5 13.Re1 Bd6 14.h3 Bc7 15.Be5
Bxe5 16.Rxe5 Qh6 17.Qa4+ Nd7 18.Bb5 a6 19.Rd1 axb5 20.Qxa8 O-O 21.Rxb5 e5
22.Qa4 Qe6 23.Qb3 Qf6 24.Qd5 Re8 25.Re1 Qh6 26.Qd2 {#r} 1-0

[Event "March Lviv Tradition IMA"]
[Site "masterchessopen.com Lviv UKR"]
[Date "2017.03.22"]
[Round "3.5"]
[White "Bondarets,V"]
[Black "Terletsky,O"]
[Result "1-0"]
[WhiteElo "2266"]
[BlackElo "2279"]

1.Nf3 Nf6 2.c4 g6 3.g3 Bg7 4.Bg2 O-O 5.d4 d6 6.O-O Nbd7 7.Nc3 e5 8.e4 exd4
9.Nxd4 Re8 10.h3 Nc5 11.Re1 a5 12.Ndb5 Bd7 13.Bf4 Nh5 14.Be3 Nf6 15.Qc2 Qc8
16.Kh2 Re5 17.f3 Rh5 18.h4 h6 19.Kg1 Re5 20.Rad1 g5 21.hxg5 hxg5 22.Bd4 Bxb5
23.Bxe5 dxe5 24.cxb5 Ne6 25.Nd5 Nxd5 26.Rxd5 Nd4 27.Qd2 Bf6 28.Rxd4 exd4 29.e5
Be7 30.e6 f6 31.Qxd4 Qe8 32.Bf1 Rd8 33.Qe4 Qh5 34.Re2 Rd1 35.Rh2 Rxf1+ 36.Kxf1
Qxh2 37.Qg6+ Kh8 38.Qe8+ Kg7 39.Qxe7+ Kg6 40.Qf7+ Kf5 41.g4+ {#r} 1-0

[Event "March Lviv Tradition IMB"]
[Site "masterchessopen.com Lviv UKR"]
[Date "2017.03.22"]
[Round "2.2"]
[White "Frolov,Artu"]
[Black "Dolzhykova,Kateryna"]
[Result "1-0"]
[WhiteElo "2390"]
[BlackElo "2243"]

1.e4 c5 2.Nf3 d6 3.d4 cxd4 4.Nxd4 Nf6 5.Nc3 g6 6.Be3 Bg7 7.f3 O-O 8.Qd2 Nc6
9.O-O-O d5 10.Qe1 e5 11.Nxc6 bxc6 12.exd5 Nxd5 13.h4 Rb8 14.Bc4 Be6 15.h5 Qc7
16.hxg6 fxg6 17.Ne4 Nf4 18.Bxe6+ Nxe6 19.Rd6 Nf4 20.Qh4 h5 21.Bxf4 exf4
22.Rxg6 Qe5 23.c3 Qb5 24.b3 Qa5 25.Qe7 Rf7 26.Nf6+ Kh8 27.Rxh5+ Qxh5 28.Qxf7
{#r} 1-0

[Event "March Lviv Tradition IMB"]
[Site "masterchessopen.com Lviv UKR"]
[Date "2017.03.22"]
[Round "2.3"]
[White "Bilych,Olexiy"]
[Black "Gavrish,L"]
[Result "1-0"]
[WhiteElo "1967"]
[BlackElo "2217"]

1.e4 d6 2.d4 Nf6 3.Nc3 g6 4.Nge2 Bg7 5.g3 O-O 6.Bg2 e5 7.h3 c6 8.a4 Na6 9.Be3
exd4 10.Nxd4 Nb4 11.O-O Re8 12.Qd2 d5 13.exd5 Nfxd5 14.Nxd5 Nxd5 15.Bh6 Bh8
16.Rae1 Bd7 17.Rxe8+ Bxe8 18.Rd1 Qb6 19.Nf5 Bxb2 20.Bxd5 gxf5 21.Qg5+ Kh8
22.Qe7 Bg7 23.Bxf7 Bxf7 24.Qxf7 Bd4 25.Rxd4 Qxd4 26.Bg5 {#r} 1-0

[Event "March Lviv Tradition IMB"]
[Site "masterchessopen.com Lviv UKR"]
[Date "2017.03.22"]
[Round "3.3"]
[White "Gavrish,L"]
[Black "Rozycki,B"]
[Result "1-0"]
[WhiteElo "2217"]
[BlackElo "2166"]

1.d4 Nf6 2.c4 e6 3.Nc3 Bb4 4.e3 O-O 5.Bd3 d5 6.cxd5 exd5 7.Ne2 Re8 8.Bd2 Bf8
9.Rc1 b6 10.O-O c5 11.dxc5 bxc5 12.Na4 Nbd7 13.Bc3 Ne4 14.Nf4 Nb6 15.Ba5 Bd7
16.Nc3 Nxc3 17.Bxc3 Qg5 18.Qh5 Qxh5 19.Nxh5 Na4 20.Nf4 Bc6 21.Rfd1 Bd6 22.Nxd5
Bxd5 23.Bb5 Red8 24.Bxa4 Bxa2 25.Ba5 {#r} 1-0

[Event "March Lviv Tradition IMB"]
[Site "masterchessopen.com Lviv UKR"]
[Date "2017.03.22"]
[Round "3.4"]
[White "Dolzhykova,Kateryna"]
[Black "Bilych,Olexiy"]
[Result "1-0"]
[WhiteElo "2243"]
[BlackElo "1967"]

1.e4 e5 2.Nf3 Nc6 3.Nc3 Nf6 4.d4 exd4 5.Nxd4 Bb4 6.Nxc6 bxc6 7.Bd3 d5 8.exd5
cxd5 9.O-O O-O 10.Bg5 c6 11.Qf3 Be7 12.Rfe1 Be6 13.h3 Qd7 14.Ne2 h6 15.Bh4 c5
16.Rad1 Rac8 17.c3 Qa4 18.Nf4 Bd6 19.Bg3 Bxf4 20.Bxf4 Nd7 21.Qg3 Kh8 22.Bb1
Qa6 23.Qh4 f5 24.Bxh6 Bg8 25.Bg5+ Bh7 26.Re7 Qd6 27.Rde1 Rc6 28.Re8 {#r} 1-0

[Event "Budapest Spring Open 2017"]
[Site "masterchessopen.com Budapest HUN"]
[Date "2017.03.21"]
[Round "4.1"]
[White "Savchenko,B"]
[Black "Annaberdiev,M"]
[Result "1-0"]
[WhiteElo "2613"]
[BlackElo "2445"]
[EventType "swiss"]

1.e4 c5 2.Nf3 d6 3.d4 cxd4 4.Nxd4 Nf6 5.Nc3 a6 6.Bg5 Nbd7 7.Qe2 h6 8.Bh4 e6
9.O-O-O Qc7 10.g4 b5 11.a3 Bb7 12.f4 Rc8 13.Bg2 Qc4 14.h3 Qxe2 15.Ndxe2 Nc5
16.Bxf6 gxf6 17.Ng3 f5 18.Rhe1 Be7 19.Nh5 fxe4 20.Nxe4 Nxe4 21.Bxe4 Bxe4
22.Rxe4 d5 23.Re5 Rc6 24.Kb1 Kd7 25.f5 Rg8 26.Re2 Bg5 27.Rf2 Kd6 28.Re2 exf5
29.Rf2 fxg4 30.hxg4 Re8 31.Rxf7 Re2 32.c3 Rc4 33.Ra7 Rxg4 34.Rxa6+ Ke5 35.Rb6
Rd2 36.Re1+ Re4 37.Rf1 b4 38.Ng7 d4 39.Rf5# 1-0

[Event "Budapest Spring Open 2017"]
[Site "masterchessopen.com Budapest HUN"]
[Date "2017.03.21"]
[Round "4.5"]
[White "Nabaty,T"]
[Black "Popovic,Du"]
[Result "1-0"]
[WhiteElo "2649"]
[BlackElo "2515"]
[EventType "swiss"]

1.e4 c5 2.c3 g6 3.d4 cxd4 4.cxd4 d5 5.e5 Nc6 6.Nc3 Nh6 7.Bb5 Bg7 8.Bf4 f6
9.exf6 exf6 10.h4 O-O 11.Qd2 Nf5 12.Nge2 Re8 13.O-O-O Nd6 14.h5 g5 15.Bxd6
Qxd6 16.h6 Bf8 17.f4 a6 18.Ba4 b5 19.Bb3 Be6 20.fxg5 b4 21.Na4 Bf5 22.gxf6
Rac8 23.f7+ Kxf7 24.Rdf1 Kg8 25.Nb6 Nxd4+ 26.Nxc8 Rxc8+ 27.Kd1 Nxb3 28.axb3
Bc2+ 29.Ke1 Bg6 30.Rh3 Be7 31.Qd4 Bf8 32.Rf6 {#r} 1-0

[Event "Budapest Spring Open 2017"]
[Site "masterchessopen.com Budapest HUN"]
[Date "2017.03.21"]
[Round "4.9"]
[White "Odeev,H"]
[Black "Timofeev,Arty"]
[Result "1-0"]
[WhiteElo "2405"]
[BlackElo "2564"]
[EventType "swiss"]

1.e4 c5 2.Nf3 e6 3.d4 cxd4 4.Nxd4 Nc6 5.Nc3 Qc7 6.Be2 Nf6 7.Be3 a6 8.O-O Be7
9.f4 d6 10.Nxc6 bxc6 11.Bf3 Bb7 12.g4 h6 13.Qe2 Nd7 14.Bg2 c5 15.Rad1 Rd8
16.Bf2 g5 17.f5 Bf6 18.fxe6 fxe6 19.e5 Bxe5 20.Bxb7 Qxb7 21.Rxd6 {#r} 1-0

[Event "Budapest Spring Open 2017"]
[Site "masterchessopen.com Budapest HUN"]
[Date "2017.03.21"]
[Round "4.12"]
[White "Kovalev,Vl"]
[Black "Atabayew,S"]
[Result "1-0"]
[WhiteElo "2598"]
[BlackElo "2415"]
[EventType "swiss"]

1.e4 c5 2.Nf3 d6 3.d4 cxd4 4.Nxd4 Nf6 5.f3 e6 6.c4 Be7 7.Nc3 O-O 8.Be3 a6
9.Be2 b6 10.O-O Bb7 11.Qd2 Qc7 12.Rfc1 Nbd7 13.a4 Rfc8 14.a5 bxa5 15.Nb3 Rab8
16.Nxa5 Ba8 17.b4 d5 18.c5 dxe4 19.Nxe4 Nxe4 20.fxe4 Nf6 21.Nc4 Rd8 22.Qe1
Bxe4 23.Rxa6 Nd5 24.Nd6 Nxb4 25.Ra4 Nd3 26.Bxd3 Bxd3 27.Bf4 Qc6 28.Ra7 Kf8
29.Qc3 Bxd6 30.Bxd6+ Rxd6 31.cxd6 Qxd6 32.Rc7 Rd8 33.Rc8 Bf5 34.Rxd8+ Qxd8
35.Qc5+ Ke8 36.Qb5+ Ke7 37.Qb4+ Kf6 38.Qh4+ g5 39.Qh6+ Ke5 40.Re1+ Kf4 41.Qh5
Qb6+ 42.Kh1 Qb7 43.Rf1+ Ke5 44.Qxg5 Qe4 45.Qg7+ {#r} 1-0

[Event "Budapest Spring Open 2017"]
[Site "masterchessopen.com Budapest HUN"]
[Date "2017.03.21"]
[Round "4.17"]
[White "Erenberg,Ariel"]
[Black "Kovacevic,Bl"]
[Result "1-0"]
[WhiteElo "2366"]
[BlackElo "2505"]
[EventType "swiss"]

1.d4 Nf6 2.c4 e6 3.Nc3 d5 4.cxd5 exd5 5.Bg5 c6 6.Qc2 h6 7.Bh4 g6 8.e3 Bf5
9.Bd3 Bxd3 10.Qxd3 Nbd7 11.f4 Be7 12.Bg3 Bb4 13.Nf3 Ne4 14.O-O f5 15.Nxe4 dxe4
16.Qb3 exf3 17.Qxb4 fxg2 18.Rfe1 Qb6 19.Qd6 c5 20.dxc5 Nxc5 21.Qe5+ Kf7
22.Rac1 Rac8 23.Qd5+ Kf6 24.Qd4+ Ke6 25.Red1 Rhd8 26.Qc4+ Ke7 27.Rxd8 Ne4
28.Rd7+ {#r} 1-0

[Event "Budapest Spring Open 2017"]
[Site "masterchessopen.com Budapest HUN"]
[Date "2017.03.21"]
[Round "4.18"]
[White "Kovalev,An"]
[Black "Popovics,A"]
[Result "1-0"]
[WhiteElo "2504"]
[BlackElo "2385"]
[EventType "swiss"]

1.e4 c5 2.Nf3 e6 3.d4 cxd4 4.Nxd4 a6 5.Bd3 Bc5 6.Nb3 Be7 7.Qg4 g6 8.Qe2 d6
9.O-O Nd7 10.Nc3 Qc7 11.Bd2 b6 12.Rae1 Ne5 13.f4 Nxd3 14.cxd3 Nf6 15.e5 Nd7
16.Rc1 Qb7 17.exd6 Bxd6 18.Ne4 Be7 19.f5 Qd5 20.fxe6 fxe6 21.Bh6 Bb7 22.Qf2 e5
23.Rc7 Rb8 24.Nbd2 b5 25.Nf3 Kd8 26.Rfc1 Rc8 27.Rxc8+ Bxc8 28.Nfg5 {#r} 1-0

[Event "Budapest Spring Open 2017"]
[Site "masterchessopen.com Budapest HUN"]
[Date "2017.03.21"]
[Round "4.22"]
[White "Lemos,D"]
[Black "Kakageldyev,A"]
[Result "1-0"]
[WhiteElo "2471"]
[BlackElo "2379"]
[EventType "swiss"]

1.Nf3 d5 2.g3 Nf6 3.Bg2 c6 4.O-O Bf5 5.c4 e6 6.cxd5 exd5 7.d3 Be7 8.Qb3 Qb6
9.Qc2 O-O 10.Nc3 h6 11.e4 dxe4 12.dxe4 Bh7 13.Be3 Qa5 14.h3 Nbd7 15.Nd2 Rfe8
16.Rfe1 Nd5 17.Bd4 Nb4 18.Qb1 Rad8 19.a3 Nd5 20.Nxd5 cxd5 21.b4 Qa6 22.Qb2
dxe4 23.Nxe4 Bxe4 24.Rxe4 Bf6 25.Rae1 Rxe4 26.Bxe4 Qb5 27.Bf3 b6 28.Bg4 h5
29.Bf3 Rf8 30.Kg2 Bxd4 31.Qxd4 Nf6 32.Re5 Qa4 33.Rg5 Ne8 34.Rxh5 Nf6 35.Rg5
Ne8 36.Qc3 Qd7 37.h4 Qe7 38.Qe5 Qxe5 39.Rxe5 Nd6 40.Re7 a5 41.bxa5 bxa5 42.Ra7
Nc4 43.a4 Rd8 44.Be2 Nb2 45.Rxa5 Rd2 46.Kf1 g6 47.Ra8+ Kg7 48.a5 Na4 49.a6 Rd7
50.a7 {#r} 1-0

[Event "Budapest Spring Open 2017"]
[Site "masterchessopen.com Budapest HUN"]
[Date "2017.03.21"]
[Round "4.25"]
[White "Lizak,P"]
[Black "Baasansuren,Erdene"]
[Result "1-0"]
[WhiteElo "2453"]
[BlackElo "2221"]
[EventType "swiss"]

1.d4 Nf6 2.Nc3 d5 3.Bf4 a6 4.e3 e6 5.Bd3 c5 6.Nf3 b5 7.a3 Bb7 8.O-O Nbd7 9.Ne5
Be7 10.Qf3 O-O 11.Qh3 g6 12.Rad1 Nxe5 13.dxe5 Nd7 14.Bh6 Re8 15.f4 Qb6 16.Qg3
c4 17.Be2 Rad8 18.Kh1 Nc5 19.Bf3 Na4 20.f5 exf5 21.Nxd5 Bxd5 22.Bxd5 Nxb2
23.Rd4 Bc5 24.Rxf5 Rxd5 25.Rxd5 Bxe3 26.Rf6 Qb7 27.e6 fxe6 28.Rxg6+ hxg6
29.Qxg6+ Kh8 30.Qxe8+ Kh7 31.Rd7+ {#r} 1-0

[Event "Budapest Spring Open 2017"]
[Site "masterchessopen.com Budapest HUN"]
[Date "2017.03.21"]
[Round "4.26"]
[White "Szabo,Marton Mihaly"]
[Black "Grinberg,E"]
[Result "0-1"]
[WhiteElo "2336"]
[BlackElo "2451"]
[EventType "swiss"]

1.e4 c5 2.Nf3 d6 3.Bb5+ Nd7 4.O-O a6 5.Bd3 Ngf6 6.Re1 g6 7.c3 Bg7 8.Bc2 O-O
9.d4 Qc7 10.h3 e5 11.dxe5 dxe5 12.c4 Nb6 13.Qe2 Be6 14.b3 Nh5 15.Nc3 Nf4
16.Bxf4 exf4 17.e5 Nd7 18.Rad1 Rfe8 19.Qd2 Nxe5 20.Qxf4 Nxf3+ 21.Qxf3 Qa5
22.Ne4 Qxa2 23.Bb1 Qa5 24.Nd6 Rf8 25.Nxb7 Qb4 26.Nd6 Rab8 27.Bc2 Bd4 28.Ne4
Bf5 29.Re2 Kg7 30.g4 Bxe4 31.Rxe4 Rfe8 32.Kg2 Rxe4 33.Qxe4 Rd8 34.Rd3 Rd6
35.Rf3 Re6 36.Qf4 Qb7 37.h4 Re2 38.Bd1 Rxf2+ 39.Kg3 Qe7 40.Kh3 Be5 41.Rxf2
Bxf4 42.Rxf4 Qe3+ 43.Rf3 Qe1 44.Bc2 Qe2 45.Rc3 Qd2 {#R} 0-1

[Event "Budapest Spring Open 2017"]
[Site "masterchessopen.com Budapest HUN"]
[Date "2017.03.21"]
[Round "4.31"]
[White "Magen,Daniel"]
[Black "Farago,I"]
[Result "1-0"]
[WhiteElo "2144"]
[BlackElo "2417"]
[EventType "swiss"]

1.e4 c5 2.Nf3 e6 3.c3 Nf6 4.e5 Nd5 5.d4 cxd4 6.cxd4 d6 7.Bc4 Nb6 8.Bd3 dxe5
9.dxe5 Na6 10.O-O Nc5 11.Bb5+ Bd7 12.Bxd7+ Qxd7 13.Qe2 Qd3 14.Re1 Be7 15.Nc3
O-O 16.Bg5 Bxg5 17.Nxg5 Rad8 18.Nge4 Nxe4 19.Nxe4 Qxe2 20.Rxe2 Nc4 21.f4 Rd4
22.g3 Rfd8 23.b3 Rd1+ 24.Rxd1 Rxd1+ 25.Kf2 Na3 26.Rd2 Rxd2+ 27.Nxd2 Kf8 28.Ne4
Nb5 29.Ke3 b6 30.a4 Nc7 31.Nd6 Nd5+ 32.Kd4 a6 33.a5 bxa5 34.Nb7 Ke7 35.Nxa5
Kd7 36.Kc5 Kc7 37.Nc4 g6 38.Nd6 f5 39.Ne8+ {#r} 1-0

[Event "Budapest Spring Open 2017"]
[Site "masterchessopen.com Budapest HUN"]
[Date "2017.03.21"]
[Round "4.36"]
[White "Kargin,A"]
[Black "Primbetov,K"]
[Result "0-1"]
[WhiteElo "2433"]
[BlackElo "2258"]
[EventType "swiss"]

1.e4 e6 2.d4 d5 3.Nc3 dxe4 4.Nxe4 Bd7 5.Nf3 Bc6 6.Bd3 Nd7 7.O-O Ngf6 8.Ng3
Bxf3 9.Qxf3 c6 10.c4 Be7 11.b3 O-O 12.Bb2 Qa5 13.a3 Rfd8 14.Rfe1 Bf8 15.Rad1
Bxa3 16.Ra1 Qxe1+ 17.Rxe1 Bxb2 18.Ne2 e5 19.g4 exd4 20.Rb1 Bc3 21.g5 Ne8
22.Qh3 g6 23.Qg3 Ng7 24.h4 Nh5 25.Qd6 Nf8 26.Qe7 Ne6 27.Rd1 Rab8 28.Ng3 Re8
29.Qa3 Nxg3 30.fxg3 a5 31.Rf1 Rbd8 32.Qc1 Nc5 33.Qf4 Rd7 34.Rd1 Rde7 35.h5
Nxd3 36.Rxd3 Re1+ 37.Kg2 R8e2+ 38.Kh3 gxh5 39.Qb8+ Kg7 40.g4 Rh1+ 41.Kg3 h4+
42.Kf3 Rhh2 {#R} 0-1

[Event "Budapest Spring Open 2017"]
[Site "masterchessopen.com Budapest HUN"]
[Date "2017.03.21"]
[Round "4.37"]
[White "Asadli,Vugar"]
[Black "Jamrich,G"]
[Result "1-0"]
[WhiteElo "2427"]
[BlackElo "2244"]
[EventType "swiss"]

1.e4 c6 2.c4 d5 3.cxd5 cxd5 4.exd5 Nf6 5.Nc3 Nxd5 6.Nf3 Nc6 7.Bb5 e6 8.O-O Be7
9.d4 O-O 10.Re1 Bd7 11.Bd3 Rc8 12.a3 Bf6 13.Bc2 Nce7 14.Qd3 g6 15.Ne4 Bg7
16.Bg5 h6 17.Bd2 Qb6 18.Nc5 Bb5 19.Qe4 Bc6 20.Qh4 Qxb2 21.Bd3 Nf5 22.Bxf5 exf5
23.Bxh6 Nf6 24.Rab1 Qa2 25.Ne5 b6 26.Nxg6 fxg6 27.Bxg7 Qd5 28.Qg5 Ng4 29.f3
Kxg7 30.Re7+ Rf7 31.Ne6+ Kh8 32.Rxf7 {#r} 1-0

[Event "Budapest Spring Open 2017"]
[Site "masterchessopen.com Budapest HUN"]
[Date "2017.03.21"]
[Round "4.38"]
[White "Almasi,I"]
[Black "Havanecz,B"]
[Result "1-0"]
[WhiteElo "2415"]
[BlackElo "2225"]
[EventType "swiss"]

1.d4 d5 2.c4 c6 3.Nf3 Nf6 4.Nc3 e6 5.Bg5 h6 6.Bh4 dxc4 7.e4 g5 8.Bg3 b5 9.Ne5
Nbd7 10.Nxc6 Qb6 11.d5 Bb7 12.a4 a6 13.Be2 h5 14.h4 g4 15.O-O Rc8 16.axb5 axb5
17.Na7 Rc5 18.b4 cxb3 19.Naxb5 b2 20.Rb1 Qa5 21.Rxb2 Be7 22.dxe6 fxe6 23.Nd6+
Bxd6 24.Bxd6 Qxc3 25.Rxb7 Nxe4 26.Rxd7 {#r} 1-0

[Event "Budapest Spring Open 2017"]
[Site "masterchessopen.com Budapest HUN"]
[Date "2017.03.21"]
[Round "4.39"]
[White "Chekletsov,Ilya"]
[Black "Vegh,E"]
[Result "1-0"]
[WhiteElo "2391"]
[BlackElo "2232"]
[EventType "swiss"]

1.d4 g6 2.c4 Bg7 3.Nc3 d6 4.e4 e5 5.Nf3 exd4 6.Nxd4 Ne7 7.Bg5 h6 8.Be3 Nbc6
9.Qd2 f5 10.exf5 Nxf5 11.Nxf5 Bxf5 12.Be2 Qh4 13.g3 Qh3 14.Nd5 Qg2 15.Rf1
O-O-O 16.Nf4 Qe4 17.g4 Bd7 18.Bd3 Qf3 19.Be2 Qe4 20.f3 Qe5 21.Nxg6 Qxb2
22.Qxb2 Bxb2 23.Rb1 Bc3+ 24.Kf2 Rhg8 25.Bd3 Rde8 26.h4 Nb4 27.Rxb4 Bxb4
28.Bxh6 Bc5+ 29.Kg3 Be3 30.Bxe3 Rxe3 31.Bb1 Kd8 32.h5 Be8 33.Nf4 Rc3 34.h6
Rxc4 35.h7 Rh8 36.g5 Ke7 37.Re1+ Kf7 38.g6+ {#r} 1-0

[Event "Baltic Zonal Vilnius 2017"]
[Site "masterchessopen.com Vilnius LTU"]
[Date "2017.03.21"]
[Round "1.3"]
[White "Ladva,O"]
[Black "Malisauskas,V"]
[Result "1-0"]
[WhiteElo "2529"]
[BlackElo "2415"]

1.d4 d5 2.c4 c6 3.Nf3 Nf6 4.e3 Bg4 5.h3 Bf5 6.Nbd2 h6 7.cxd5 cxd5 8.Nb3 e6
9.Bd2 Nc6 10.Bb5 Qb6 11.Qe2 a6 12.Ba4 Ne4 13.a3 Nxd2 14.Qxd2 Bd6 15.Na5 O-O
16.Bxc6 bxc6 17.b4 Qb5 18.Rc1 Rac8 19.Rc3 Be4 20.Qc1 Rc7 21.Nb3 Rfc8 22.Qd2
Qa4 23.Qb2 a5 24.Nxa5 c5 25.dxc5 Bxf3 26.gxf3 Be5 27.O-O Qb5 28.Rfc1 Rxc5
29.Rxc5 Bxb2 30.Rxb5 Rxc1+ 31.Kg2 Bxa3 32.Rb8+ Kh7 33.b5 Rb1 34.Nc6 Bc5 35.Rb7
Rb2 36.Kg3 Bd6+ 37.f4 f6 38.Nd4 e5 39.Nf5 exf4+ 40.exf4 Bf8 41.Kf3 Kg6 42.Nh4+
Kh5 43.Nf5 g6 44.Ne3 d4 45.Nd5 d3 46.Kg3 {#r} 1-0

[Event "Baltic Zonal Vilnius 2017"]
[Site "masterchessopen.com Vilnius LTU"]
[Date "2017.03.21"]
[Round "1.10"]
[White "Stauskas,Lukas"]
[Black "Kantans,T"]
[Result "0-1"]
[WhiteElo "2272"]
[BlackElo "2452"]

1.d4 Nf6 2.Nf3 e6 3.c4 b6 4.g3 Bb7 5.Bg2 Bb4+ 6.Nbd2 O-O 7.O-O Re8 8.a3 Bf8
9.Qc2 d5 10.b4 dxc4 11.Nxc4 Be4 12.Qb3 Nc6 13.Bb2 a5 14.Ncd2 Bd5 15.Qc2 axb4
16.e4 bxa3 17.Bc3 Nb4 18.Bxb4 Bxb4 19.exd5 exd5 20.Ne5 Qd6 21.Nd3 Bxd2 22.Qxd2
Ra4 23.Nf4 h6 24.Rfc1 Rea8 25.Ra2 c6 26.Bf1 b5 27.f3 b4 28.Qd1 R4a5 29.Nd3 Nd7
30.Qb3 Rb8 31.Rac2 Qf6 32.Bh3 Qxd4+ 33.Kg2 Nf6 34.Rxc6 a2 35.Rc8+ Rxc8
36.Rxc8+ Kh7 37.Qc2 a1=Q 38.Bf5+ g6 39.Bxg6+ Kg7 {#R} 0-1

[Event "10th Remberto Fernandez"]
[Site "masterchessopen.com Havana CUB"]
[Date "2017.03.21"]
[Round "6.4"]
[White "Fernandez Cardoso,A"]
[Black "Berdayes Ason,Dylan Isidro"]
[Result "1-0"]
[WhiteElo "2431"]
[BlackElo "2414"]

1.e4 c5 2.Nf3 d6 3.d4 cxd4 4.Nxd4 Nf6 5.Nc3 Nc6 6.Bg5 e6 7.Qd2 Be7 8.O-O-O
Nxd4 9.Qxd4 O-O 10.f4 h6 11.h4 Qa5 12.Qe3 Qc5 13.Qf3 Rd8 14.Bd3 Bd7 15.g4 Bc6
16.Qe2 b5 17.Rh3 b4 18.Nb1 Kf8 19.Bxf6 Bxf6 20.g5 Bd4 21.Nd2 Ba4 22.Kb1 Rdb8
23.gxh6 a5 24.e5 d5 25.hxg7+ Kxg7 26.f5 Bxb2 27.f6+ Kf8 28.Qh5 Ke8 29.Rg3 Bxe5
30.Qxe5 Kd7 31.Rg7 Rf8 32.Ne4 Qc6 33.Ng5 Rac8 34.Nxf7 Bxc2+ 35.Kb2 Bxd3
36.Ng5+ {#r} 1-0